[Event "BCF-ch U14"]
[Site "Coventry"]
[Date "2015.08.02"]
[Round "2"]
[White "Camp, Imogen AL"]
[Black "Hughes, Padraig"]
[Result "1-0"]
[WhiteElo "1551"]
[BlackElo "1733"]
[PlyCount "163"]
[EventDate "2015.08.02"]
[EventType "swiss"]
[EventRounds "7"]
[EventCountry "ENG"]
[SourceTitle "CBM 167 Extra"]
[Source "ChessBase"]
[SourceDate "2015.09.14"]
[SourceVersion "1"]
[SourceVersionDate "2015.09.14"]
[SourceQuality "1"]

1. d4 d5 2. c4 e6 3. Nc3 c5 4. dxc5 d4 5. Ne4 Bxc5 6. Nxc5 Qa5+ 7. Bd2 Qxc5 8. e3 dxe3 9. Bxe3 Qe7 10. Nf3 Nf6 11. Be2 Nc6 12. 0-0 0-0 13. Qc2 b6 14. c5 Nd5 15. cxb6 Nxe3 16. fxe3 Nb4 17. Qb3 axb6 18. a3 Nd5 19. Bc4 Bb7 20. Bxd5 Bxd5 21. Qxb6 Rab8 22. Qd4 Rfd8 23. Qc3 Rb3 24. Qc1 Qb7 25. Rf2 Bxf3 26. gxf3 h6 27. Kg2 Rdd3 28. Re2 e5 29. Kf2 e4 30. f4 Qd5 31. Qc8+ Kh7 32. Rg1 Rd2 33. Qg4 Rxe2+ 34. Qxe2 Rd3 35. Qg4 g6 36. Re1 Qd8 37. f5 Qd5 38. fxg6+ fxg6 39. Re2 g5 40. Rc2 Qe5 41. Qg3 Qf5+ 42. Kg2 Rd1 43. Rf2 Qd7 44. Qg4 Qd5 45. Qf5+ Qxf5 46. Rxf5 Rd2+ 47. Rf2 Rd3 48. Re2 Kg6 49. Kf2 Kf5 50. a4 Rb3 51. h3 Rb4 52. a5 Ra4 53. b4 Rxb4 54. Ra2 Rb7 55. a6 Ra7 56. Kg3 h5 57. Ra5+ Kg6 58. Ra3 Kf6 59. Ra4 Ke6 60. Rxe4+ Kf5 61. Ra4 Ke5 62. Kf3 Rf7+ 63. Kg3 Ra7 64. e4 Ke6 65. Ra5 Kf6 66. h4 gxh4+ 67. Kxh4 Kg6 68. Rg5+ Kf6 69. Rxh5 Ke6 70. Ra5 Rh7+ 71. Kg4 Rg7+ 72. Kf4 Ra7 73. e5 Rf7+ 74. Ke4 Ra7 75. Ra1 Ke7 76. Kf5 Kf7 77. e6+ Ke7 78. Ke5 Ke8 79. Kd6 Kd8 80. Kc6 Kc8 81. Kb6 Kb8 82. Rd1 1-0

[Event "BCF-ch U14"]
[Site "Coventry"]
[Date "2015.08.02"]
[Round "1"]
[White "Hughes, Padraig"]
[Black "Ashworth, Robert M"]
[Result "0-1"]
[WhiteElo "1733"]
[BlackElo "1529"]
[PlyCount "114"]
[EventDate "2015.08.02"]
[EventType "swiss"]
[EventRounds "7"]
[EventCountry "ENG"]
[SourceTitle "CBM 167 Extra"]
[Source "ChessBase"]
[SourceDate "2015.09.14"]
[SourceVersion "1"]
[SourceVersionDate "2015.09.14"]
[SourceQuality "1"]

1. e4 e5 2. Nf3 Nc6 3. d4 exd4 4. Nxd4 Bc5 5. Nb3 Bb6 6. Nc3 Nf6 7. Qe2 d6 8. Be3 Be6 9. 0-0-0 Qe7 10. h3 0-0-0 11. Bxb6 axb6 12. g4 Rhe8 13. Bg2 Bxb3 14. axb3 Qe5 15. Qe3 Qc5 16. Qxc5 bxc5 17. f4 Nd4 18. Rhe1 c6 19. Rd3 Re7 20. Rde3 Rde8 21. Kd2 h6 22. Nd1 Nd7 23. h4 Nf6 24. Nf2 g6 25. g5 hxg5 26. hxg5 Nh5 27. Nd3 Ng7 28. Bh3+ Kc7 29. e5 Ngf5 30. Bxf5 Nxf5 31. Rh3 b6 32. Rh7 Nd4 33. Ra1 Kb7 34. exd6 Nf3+ 35. Kc3 Rd7 36. f5 Nxg5 37. fxg6 Nxh7 38. gxh7 f6 39. Nf2 Rxh7 40. Ng4 Rf7 41. Nh6 Rd7 42. Nf5 Re5 43. Rf1 b5 44. b4 cxb4+ 45. Kxb4 Kb6 46. b3 c5+ 47. Kc3 Kc6 48. Kd3 Kd5 49. c4+ bxc4+ 50. bxc4+ Ke6 51. Ne3 Rxd6+ 52. Nd5 f5 53. Rf4 Re1 54. Kd2 Re4 55. Rxe4+ fxe4 56. Ke3 Rxd5 57. cxd5+ Kxd5 0-1

[Event "Robinson Cup U14"]
[Site "Enfield"]
[Date "2015.07.23"]
[Round "6.2"]
[White "Hughes, Padraig"]
[Black "Onslow, Alfie"]
[Result "1/2-1/2"]
[WhiteElo "1773"]
[BlackElo "1633"]
[PlyCount "84"]
[EventDate "2015.07.20"]
[EventType "team-tourn"]
[EventRounds "6"]
[EventCountry "IRL"]
[SourceTitle "EXT 2023"]
[Source "ChessBase"]
[SourceDate "2022.10.05"]
[SourceVersion "1"]
[SourceVersionDate "2022.10.05"]
[SourceQuality "1"]
[WhiteTeam "Ireland U14"]
[BlackTeam "England U14"]
[WhiteTeamCountry "IRL"]
[BlackTeamCountry "ENG"]

1. e4 c5 2. Nc3 Nc6 3. g3 g6 4. Bg2 Bg7 5. d3 d6 6. f4 e6 7. Nf3 Nge7 8. Be3 0-0 9. 0-0 b6 10. Qd2 d5 11. exd5 exd5 12. Bf2 Bg4 13. h3 Bxf3 14. Bxf3 Qd7 15. Bg2 Rad8 16. Rfe1 Rfe8 17. Rad1 h6 18. g4 Rc8 19. Ne2 f5 20. Bf3 Rc7 21. c3 d4 22. cxd4 cxd4 23. Ng3 Rec8 24. Rc1 Nd5 25. gxf5 gxf5 26. a3 Qd6 27. Nh5 Nd8 28. Kh1 Ne6 29. Rxc7 Rxc7 30. Rg1 Kh7 31. Nxg7 Rxg7 32. Rxg7+ Kxg7 33. Bxd4+ Nxd4 34. Qg2+ Kf6 35. Bxd5 Qxf4 36. Ba8 Qe3 37. Qf1 Ne2 38. Qg2 Qc1+ 39. Kh2 Qf4+ 40. Kh1 Qc1+ 41. Kh2 Qf4+ 42. Kh1 Qc1+ 1/2-1/2

[Event "Robinson Cup U14"]
[Site "Enfield"]
[Date "2015.07.21"]
[Round "3.2"]
[White "Onslow, Alfie"]
[Black "Hughes, Padraig"]
[Result "0-1"]
[WhiteElo "1633"]
[BlackElo "1773"]
[PlyCount "112"]
[EventDate "2015.07.20"]
[EventType "team-tourn"]
[EventRounds "6"]
[EventCountry "IRL"]
[SourceTitle "EXT 2023"]
[Source "ChessBase"]
[SourceDate "2022.10.05"]
[SourceVersion "1"]
[SourceVersionDate "2022.10.05"]
[SourceQuality "1"]
[WhiteTeam "England U14"]
[BlackTeam "Ireland U14"]
[WhiteTeamCountry "ENG"]
[BlackTeamCountry "IRL"]

1. e4 e5 2. Bc4 Nf6 3. d3 Nc6 4. Nc3 Na5 5. Nge2 Be7 6. 0-0 0-0 7. a3 Nxc4 8. dxc4 d6 9. f3 c6 10. Qd3 Be6 11. Rd1 Qc7 12. b3 Rfd8 13. Bb2 Rac8 14. Kh1 a6 15. a4 d5 16. cxd5 cxd5 17. exd5 Nxd5 18. Nxd5 Rxd5 19. Qc3 Qb6 20. Qxc8+ Bxc8 21. Rxd5 Be6 22. Rdd1 Qf2 23. Ba3 Bf6 24. Ng3 Qxc2 25. Rab1 Qa2 26. Ra1 Qxb3 27. Rdb1 Qxa4 28. Rxb7 h6 29. Ne4 Qc6 30. Rb8+ Kh7 31. Nxf6+ gxf6 32. Rc1 Qa4 33. Be7 Qf4 34. Rcb1 Bf5 35. Rd1 e4 36. Rb3 e3 37. Re1 e2 38. Rb2 Bd3 39. Bb4 Qd4 40. Ba3 Qc3 41. Rbxe2 Bxe2 42. Rg1 Qxa3 43. h3 a5 44. Re1 Bd3 45. Rd1 Bg6 46. Kh2 a4 47. f4 Qb3 48. Rd7 a3 49. g4 a2 50. f5 a1Q 51. fxg6+ Kxg6 52. Rd2 Qe5+ 53. Kg2 Qe4+ 54. Kh2 Qf4+ 55. Kg1 Qbg3+ 56. Rg2 Qc1# 0-1

[Event "Robinson Cup U14"]
[Site "Enfield"]
[Date "2015.07.20"]
[Round "2.2"]
[White "Hughes, Padraig"]
[Black "Gray, Euan"]
[Result "1-0"]
[WhiteElo "1773"]
[BlackElo "1629"]
[PlyCount "33"]
[EventDate "2015.07.20"]
[EventType "team-tourn"]
[EventRounds "6"]
[EventCountry "IRL"]
[SourceTitle "EXT 2023"]
[Source "ChessBase"]
[SourceDate "2022.10.05"]
[SourceVersion "1"]
[SourceVersionDate "2022.10.05"]
[SourceQuality "1"]
[WhiteTeam "Ireland U14"]
[BlackTeam "Scotland U14"]
[WhiteTeamCountry "IRL"]
[BlackTeamCountry "SCO"]

1. e4 e5 2. d4 exd4 3. Nf3 Nc6 4. Nxd4 Nf6 5. Nxc6 bxc6 6. e5 Nd5 7. c4 Nb6 8. Nc3 Qe7 9. Qe2 Ba6 10. b3 Nd5 11. Bb2 g6 12. e6 Nf6 13. Ne4 Bg7 14. Nxf6+ Bxf6 15. exd7+ Kxd7 16. 0-0-0+ Ke8 17. Bxf6 1-0